Представление документа в формате MARC21

ПолеНазваниеЗначение
  Тип записи a
  Библиографический уровень m
001 Контрольный номер RU/URAIT/589869
005 Дата корректировки 20260429163709.8
008 Кодируемые данные 260429s2026 RU y f j 000 0 rus u
020 Индекс ISBN __
a ISBN 978-5-534-20488-9
c Цена, тираж 1079.00
040 Источник каталогиз. __
a Служба первич. каталог. ИКО Юрайт
c Служба, преобразующая запись ИКО Юрайт
e Правила каталог. RCR
041 Код языка издания __
a Код языка текста rus
044 Код страны публикации __
a Код страны публикации RU
080 Индекс УДК __
a Индекс УДК 37.013
084 Индекс другой классификации/Индекс ББК __
2 Источник индекса rubbk
a Индекс другой классификации/Индекс ББК 74
100 Автор __
a Автор Антипина Д. М.
q Полное имя Антипина Диана Михайловна
245 Заглавие __
a Заглавие Личностно-ориентированное цифровое образование. Материалы Юрайт. Академии. Выпуск 9
b Продолж. заглавия - (отсутствует)
c Ответственность Д. М. Антипина [и др.] ; под редакцией Д. М. Антипиной, Е. В. Пучниной, А. А. Сафонова, под общей редакцией Н. В. Рыбкиной.
256 Характеристики компьютерного файла __
a Характеристики компьютерного файла Электрон. дан.
260 Выходные данные __
a Место издания Москва
b Издательство Юрайт
c Дата издания 2026
300 Физическое описание __
a Объем 242 с
440 Серия __
a Серия Юрайт.Академия
500 Примечания __
a Примечание URL: https://urait.ru/bcode/589869 (дата обращения: 29.04.2026).
520 Аннотация __
a Аннотация Этот сборник — результат долгой, насыщенной и упорной работы многих талантливых специалистов в сфере образования. Команда Образовательной платформы «Юрайт» благодарит каждого эксперта и слушателя. Мы работаем для вас! Материалы сборника распространяются на условиях Creative Commons (CC?BY-NC) в рамках просветительского проекта Образовательной платформы «Юрайт». По любым вопросам обращайтесь на pr@urait.ru
538 Прим. о системных особенностях __
a Прим. о системных особенностях Режим доступа: Электронно-библиотечная система Юрайт, для авториз. пользователей
653 Ключевые слова __
a Ключевые слова Образовательные и педагогические технологии
653 Ключевые слова __
a Ключевые слова Педагогика, психология, социальная работа
653 Ключевые слова __
a Ключевые слова Цифровая педагогика
700 Другие авторы __
a Другие авторы Пучнина Е. В.
q Полное имя Пучнина Екатерина Витальевна
700 Другие авторы __
a Другие авторы Рыбкина Н. В.
q Полное имя Рыбкина Надежда Владимировна
700 Другие авторы __
a Другие авторы Сафонов А. А.
q Полное имя Сафонов Александр Андреевич
700 Другие авторы __
a Другие авторы Абанеев Э. Р.
q Полное имя Абанеев Эдуард Рахимович
700 Другие авторы __
a Другие авторы Авдонина Н. С.
q Полное имя Авдонина Наталья Сергеевна
700 Другие авторы __
a Другие авторы Аитов В. Г.
q Полное имя Аитов Василий Григорьевич
700 Другие авторы __
a Другие авторы Андреянова И. В.
q Полное имя Андреянова Инна Валерьевна
700 Другие авторы __
a Другие авторы Антонец В. А.
q Полное имя Антонец Владимир Александрович
700 Другие авторы __
a Другие авторы Асланов Я. А.
q Полное имя Асланов Яков Андреевич
700 Другие авторы __
a Другие авторы Байбикова С. И.
q Полное имя Байбикова Светлана Ивановна
700 Другие авторы __
a Другие авторы Баландина Е. Ю.
q Полное имя Баландина Елена Юрьевна
700 Другие авторы __
a Другие авторы Балынская Н. Р.
q Полное имя Балынская Наталья Ринатовна
700 Другие авторы __
a Другие авторы Барсукова А. В.
q Полное имя Барсукова Анжелика Владимировна
700 Другие авторы __
a Другие авторы Батищев А. В.
q Полное имя Батищев Александр Витальевич
700 Другие авторы __
a Другие авторы Бахмутский Ю. А.
q Полное имя Бахмутский Юрий Андреевич
700 Другие авторы __
a Другие авторы Бекезин В. В.
q Полное имя Бекезин Владимир Владимирович
700 Другие авторы __
a Другие авторы Белоруссова Е. В.
q Полное имя Белоруссова Екатерина Владимировна
700 Другие авторы __
a Другие авторы Белянин И. В.
q Полное имя Белянин Игорь Владимирович
700 Другие авторы __
a Другие авторы Бендюкова Т. С.
q Полное имя Бендюкова Татьяна Савельевна
700 Другие авторы __
a Другие авторы Беседина В. А.
q Полное имя Беседина Валентина Алексеевна
700 Другие авторы __
a Другие авторы Бойкина Е. Э.
q Полное имя Бойкина Екатерина Эдуардовна
700 Другие авторы __
a Другие авторы Большаков С. Н.
q Полное имя Большаков Сергей Николаевич
700 Другие авторы __
a Другие авторы Бондарева М. А.
q Полное имя Бондарева Марина Александровна
700 Другие авторы __
a Другие авторы Бочаров А. А.
q Полное имя Бочаров Андрей Алексеевич
700 Другие авторы __
a Другие авторы Брыксина О. Ф.
q Полное имя Брыксина Ольга Федоровна
700 Другие авторы __
a Другие авторы Будыкин С. В.
q Полное имя Будыкин Сергей Владимирович
700 Другие авторы __
a Другие авторы Букина Л. Р.
q Полное имя Букина Лима Рафиковна
700 Другие авторы __
a Другие авторы Бурганов Н. Т.
q Полное имя Бурганов Николай Тафкильевич
700 Другие авторы __
a Другие авторы Бухтояров М. С.
q Полное имя Бухтояров Михаил Сергеевич
700 Другие авторы __
a Другие авторы Бушина М. Б.
q Полное имя Бушина Марина Борисовна
700 Другие авторы __
a Другие авторы Былова Н. А.
q Полное имя Былова Надежда Александровна
700 Другие авторы __
a Другие авторы Ваганов М. Ю.
q Полное имя Ваганов Максим Юрьевич
700 Другие авторы __
a Другие авторы Вакарчук Д. О.
q Полное имя Вакарчук Денис Олегович
700 Другие авторы __
a Другие авторы Викторов А. Г.
q Полное имя Викторов Александр Геннадьевич
700 Другие авторы __
a Другие авторы Вяльшин Н. Р.
q Полное имя Вяльшин Наиль Равилевич
700 Другие авторы __
a Другие авторы Герасин П. В.
q Полное имя Герасин Павел Владимирович
700 Другие авторы __
a Другие авторы Гериева А. Д.
q Полное имя Гериева Аймани Доккуевна
700 Другие авторы __
a Другие авторы Головина Н. М.
q Полное имя Головина Наталья Михайловна
700 Другие авторы __
a Другие авторы Гращенко Н. Ю.
q Полное имя Гращенко Надежда Юрьевна
700 Другие авторы __
a Другие авторы Григорьева О. А.
q Полное имя Григорьева Ольга Анатольевна
700 Другие авторы __
a Другие авторы Данейкин Ю. В.
q Полное имя Данейкин Юрий Викторович
700 Другие авторы __
a Другие авторы Дарда И. В.
q Полное имя Дарда Игорь Владимирович
700 Другие авторы __
a Другие авторы Даунинг Д. Д.
q Полное имя Даунинг Джеффри Дейл
700 Другие авторы __
a Другие авторы Долгополов Д. В.
q Полное имя Долгополов Дмитрий Владиславович
700 Другие авторы __
a Другие авторы Дружинина К. М.
q Полное имя Дружинина Кира Михайловна
700 Другие авторы __
a Другие авторы Евсеева В. В.
q Полное имя Евсеева Вероника Викторовна
700 Другие авторы __
a Другие авторы Егоров А. Н.
q Полное имя Егоров Андрей Николаевич
700 Другие авторы __
a Другие авторы Еремин С. В.
q Полное имя Еремин Сергей Владимирович
700 Другие авторы __
a Другие авторы Ефремова Л. И.
q Полное имя Ефремова Лариса Ивановна
700 Другие авторы __
a Другие авторы Жандармова И. В.
q Полное имя Жандармова Ирина Владимировна
700 Другие авторы __
a Другие авторы Жверанцева М. С.
q Полное имя Жверанцева Мария Сергеевна
700 Другие авторы __
a Другие авторы Жоров Е. А.
q Полное имя Жоров Евгений Анатольевич
700 Другие авторы __
a Другие авторы Задеба Е. А.
q Полное имя Задеба Егор Александрович
700 Другие авторы __
a Другие авторы Запорожцева Л. А.
q Полное имя Запорожцева Людмила Анатольевна
700 Другие авторы __
a Другие авторы Заугарова Е. В.
q Полное имя Заугарова Евгения Владимировна
700 Другие авторы __
a Другие авторы Звягинцева Ю. А.
q Полное имя Звягинцева Юлия Александровна
700 Другие авторы __
a Другие авторы Зернин И. Ф.
q Полное имя Зернин Иван Федорович
700 Другие авторы __
a Другие авторы Зиновьев А. В.
q Полное имя Зиновьев Андрей Валерьевич
700 Другие авторы __
a Другие авторы Зинчик Н. С.
q Полное имя Зинчик Наталья Сергеевна
700 Другие авторы __
a Другие авторы Иванов Д. А.
q Полное имя Иванов Дмитрий Александрович
700 Другие авторы __
a Другие авторы Изотова К. В.
q Полное имя Изотова Кристина Вячеславовна
700 Другие авторы __
a Другие авторы Ирха В. А.
q Полное имя Ирха Владимир Александрович
700 Другие авторы __
a Другие авторы Исламгалиев О. Э.
q Полное имя Исламгалиев Олег Эльферович
700 Другие авторы __
a Другие авторы Калмыкова С. В.
q Полное имя Калмыкова Светлана Владимировна
700 Другие авторы __
a Другие авторы Калпинская О. Е.
q Полное имя Калпинская Ольга Евгеньевна
700 Другие авторы __
a Другие авторы Каменева Е. А.
q Полное имя Каменева Екатерина Анатольевна
700 Другие авторы __
a Другие авторы Канаева Е. Н.
q Полное имя Канаева Екатерина Николаевна
700 Другие авторы __
a Другие авторы Канашева А. А.
q Полное имя Канашева Анна Александровна
700 Другие авторы __
a Другие авторы Канищев С. Н.
q Полное имя Канищев Сергей Николаевич
700 Другие авторы __
a Другие авторы Каптурова С. А.
q Полное имя Каптурова Соня Александровна
700 Другие авторы __
a Другие авторы Карелина И. Г.
q Полное имя Карелина Ирина Григорьевна
700 Другие авторы __
a Другие авторы Ким В. А.
q Полное имя Ким Валерия Александровна
700 Другие авторы __
a Другие авторы Кириллов А. И.
q Полное имя Кириллов Алексей Иванович
700 Другие авторы __
a Другие авторы Кириллова О. В.
q Полное имя Кириллова Ольга Владимировна
700 Другие авторы __
a Другие авторы Киселева Н. И.
q Полное имя Киселева Наталья Ильинична
700 Другие авторы __
a Другие авторы Кислова Н. Н.
q Полное имя Кислова Наталья Николаевна
700 Другие авторы __
a Другие авторы Клубкова Н. В.
q Полное имя Клубкова Наталья Викторовна
700 Другие авторы __
a Другие авторы Клюева Г. А.
q Полное имя Клюева Галина Анатольевна
700 Другие авторы __
a Другие авторы Колесниченко Е. А.
q Полное имя Колесниченко Елена Александровна
700 Другие авторы __
a Другие авторы Колосков А. В.
q Полное имя Колосков Александр Владимирович
700 Другие авторы __
a Другие авторы Копотюк И. Г.
q Полное имя Копотюк Ирина Геннадьевна
700 Другие авторы __
a Другие авторы Корнет Н. А.
q Полное имя Корнет Наталья Александровна
700 Другие авторы __
a Другие авторы Корягина И. А.
q Полное имя Корягина Инга Анатольевна
700 Другие авторы __
a Другие авторы Костин Г. А.
q Полное имя Костин Геннадий Александрович
700 Другие авторы __
a Другие авторы Косьмина Е. А.
q Полное имя Косьмина Елена Алексеевна
700 Другие авторы __
a Другие авторы Кочнева Е. Н.
q Полное имя Кочнева Елена Николаевна
700 Другие авторы __
a Другие авторы Красильников И. В.
q Полное имя Красильников Игорь Владимирович
700 Другие авторы __
a Другие авторы Крючкова И. Н.
q Полное имя Крючкова Ирина Николаевна
700 Другие авторы __
a Другие авторы Кувшинов Д. В.
q Полное имя Кувшинов Дмитрий Владимирович
700 Другие авторы __
a Другие авторы Кудрявцева Е. В.
q Полное имя Кудрявцева Елена Владимировна
700 Другие авторы __
a Другие авторы Кузнецова М. Ф.
q Полное имя Кузнецова Марина Федоровна
700 Другие авторы __
a Другие авторы Кузьмин А. П.
q Полное имя Кузьмин Алексей Петрович
700 Другие авторы __
a Другие авторы Куняшова С. В.
q Полное имя Куняшова Светлана Владимировна
700 Другие авторы __
a Другие авторы Лаврова Е. В.
q Полное имя Лаврова Елена Викторовна
700 Другие авторы __
a Другие авторы Лагутина С. В.
q Полное имя Лагутина Софья Владимировна
700 Другие авторы __
a Другие авторы Лапшин В. Ф.
q Полное имя Лапшин Валерий Федорович
700 Другие авторы __
a Другие авторы Леденева Ю. Ю.
q Полное имя Леденева Юлия Юрьевна
700 Другие авторы __
a Другие авторы Литвиненко Д. С.
q Полное имя Литвиненко Дмитрий Сергеевич
700 Другие авторы __
a Другие авторы Лопатин З. В.
q Полное имя Лопатин Захар Вадимович
700 Другие авторы __
a Другие авторы Лузан В. С.
q Полное имя Лузан Владимир Сергеевич
700 Другие авторы __
a Другие авторы Мазур Е. А.
q Полное имя Мазур Евгений Александрович
700 Другие авторы __
a Другие авторы Макарова Р. В.
q Полное имя Макарова Роксана Валерьевна
700 Другие авторы __
a Другие авторы Макарова С. А.
q Полное имя Макарова Светлана Алексеевна
700 Другие авторы __
a Другие авторы Мальгин Г. В.
q Полное имя Мальгин Геннадий Владимирович
700 Другие авторы __
a Другие авторы Малютин Н. С.
q Полное имя Малютин Никита Сергеевич
700 Другие авторы __
a Другие авторы Мануйлов А. Е.
q Полное имя Мануйлов Антон Евгеньевич
700 Другие авторы __
a Другие авторы Маричева А. В.
q Полное имя Маричева Анастасия Викторовна
700 Другие авторы __
a Другие авторы Маслова Е. В.
q Полное имя Маслова Елена Владимировна
700 Другие авторы __
a Другие авторы Миняева Н. М.
q Полное имя Миняева Наталья Михайловна
700 Другие авторы __
a Другие авторы Михайлова Е. Г.
q Полное имя Михайлова Елена Георгиевна
700 Другие авторы __
a Другие авторы Молоткова Н. В.
q Полное имя Молоткова Наталия Вячеславовна
700 Другие авторы __
a Другие авторы Молчанов А. С.
q Полное имя Молчанов Александр Сергеевич
700 Другие авторы __
a Другие авторы Муратова Е. И.
q Полное имя Муратова Евгения Ивановна
700 Другие авторы __
a Другие авторы Нифонтов К. Р.
q Полное имя Нифонтов Константин Револьевич
700 Другие авторы __
a Другие авторы Новикова Л. И.
q Полное имя Новикова Лидия Игоревна
700 Другие авторы __
a Другие авторы Ольшанская С. С.
q Полное имя Ольшанская Светлана Сергеевна
700 Другие авторы __
a Другие авторы Орлова Н. В.
q Полное имя Орлова Наталия Вячеславовна
700 Другие авторы __
a Другие авторы Охтова И. М.
q Полное имя Охтова Ирина Мухадиновна
700 Другие авторы __
a Другие авторы Павленко О. В.
q Полное имя Павленко Ольга Вячеславовна
700 Другие авторы __
a Другие авторы Павлова А. В.
q Полное имя Павлова Аделия Вадимовна
700 Другие авторы __
a Другие авторы Панкова Л. В.
q Полное имя Панкова Людмила Владимировна
700 Другие авторы __
a Другие авторы Парникова Г. М.
q Полное имя Парникова Галина Михайловна
700 Другие авторы __
a Другие авторы Патракова Г. Г.
q Полное имя Патракова Гульнара Галимжановна
700 Другие авторы __
a Другие авторы Перепечко О. С.
q Полное имя Перепечко Ольга Сергеевна
700 Другие авторы __
a Другие авторы Петрищев И. О.
q Полное имя Петрищев Игорь Олегович
700 Другие авторы __
a Другие авторы Пешкова А. В.
q Полное имя Пешкова Антонина Васильевна
700 Другие авторы __
a Другие авторы Пинигина Н. М.
q Полное имя Пинигина Наталья Михайловна
700 Другие авторы __
a Другие авторы Платонова Ю. В.
q Полное имя Платонова Юлия Викторовна
700 Другие авторы __
a Другие авторы Полева Е. А.
q Полное имя Полева Елена Александровна
700 Другие авторы __
a Другие авторы Поляков Д. В.
q Полное имя Поляков Дмитрий Вадимович
700 Другие авторы __
a Другие авторы Потапова Е. П.
q Полное имя Потапова Елена Петровна
700 Другие авторы __
a Другие авторы Привалов А. Н.
q Полное имя Привалов Александр Николаевич
700 Другие авторы __
a Другие авторы Прудникова В. А.
q Полное имя Прудникова Виктория Аркадьевна
700 Другие авторы __
a Другие авторы Реньш М. А.
q Полное имя Реньш Марина Александровна
700 Другие авторы __
a Другие авторы Родионова З. В.
q Полное имя Родионова Зинаида Валерьевна
700 Другие авторы __
a Другие авторы Рязанцева Е. С.
q Полное имя Рязанцева Евгения Сергеевна
700 Другие авторы __
a Другие авторы Савка О. Г.
q Полное имя Савка Ольга Геннадьевна
700 Другие авторы __
a Другие авторы Сбойлова Л. Е.
q Полное имя Сбойлова Лариса Евгеньевна
700 Другие авторы __
a Другие авторы Свирина А. А.
q Полное имя Свирина Анна Андреевна
700 Другие авторы __
a Другие авторы Селезнева О. В.
q Полное имя Селезнева Ольга Владимировна
700 Другие авторы __
a Другие авторы Семочкина М. Б.
q Полное имя Семочкина Марина Борисовна
700 Другие авторы __
a Другие авторы Сердитова Н. Е.
q Полное имя Сердитова Наталья Евгеньевна
700 Другие авторы __
a Другие авторы Серова А. В.
q Полное имя Серова Александра Владимировна
700 Другие авторы __
a Другие авторы Серова О. А.
q Полное имя Серова Ольга Александровна
700 Другие авторы __
a Другие авторы Сидоренко О. С.
q Полное имя Сидоренко Оксана Сергеевна
700 Другие авторы __
a Другие авторы Сизов И. Г.
q Полное имя Сизов Игорь Геннадьевич
700 Другие авторы __
a Другие авторы Скрябина О. Б.
q Полное имя Скрябина Ольга Борисовна
700 Другие авторы __
a Другие авторы Смирнов В. А.
q Полное имя Смирнов Владимир Анатольевич
700 Другие авторы __
a Другие авторы Смолякова И. Н.
q Полное имя Смолякова Илона Николаевна
700 Другие авторы __
a Другие авторы Смыслова А. Л.
q Полное имя Смыслова Алена Леонидовна
700 Другие авторы __
a Другие авторы Сокольщик И. М.
q Полное имя Сокольщик Илья Михайлович
700 Другие авторы __
a Другие авторы Соловьев Е. Э.
q Полное имя Соловьев Евгений Эдуардович
700 Другие авторы __
a Другие авторы Солодун Л. Н.
q Полное имя Солодун Людмила Николаевна
700 Другие авторы __
a Другие авторы Сосновских А. В.
q Полное имя Сосновских Алена Владимировна
700 Другие авторы __
a Другие авторы Сторублевцева Д. А.
q Полное имя Сторублевцева Дарья Анатольевна
700 Другие авторы __
a Другие авторы Стрельбицкая О. О.
q Полное имя Стрельбицкая Ольга Олеговна
700 Другие авторы __
a Другие авторы Сычева Е. А.
q Полное имя Сычева Елена Александровна
700 Другие авторы __
a Другие авторы Табунщик О. В.
q Полное имя Табунщик Оксана Валериевна
700 Другие авторы __
a Другие авторы Таламанова М. Н.
q Полное имя Таламанова Мария Николаевна
700 Другие авторы __
a Другие авторы Татаринцев Е. А.
q Полное имя Татаринцев Евгений Алексеевич
700 Другие авторы __
a Другие авторы Титов А. В.
q Полное имя Титов Алексей Валерьевич
700 Другие авторы __
a Другие авторы Титов С. Н.
q Полное имя Титов Сергей Николаевич
700 Другие авторы __
a Другие авторы Тутова Н. В.
q Полное имя Тутова Наталья Владимировна
700 Другие авторы __
a Другие авторы Устьянцева И. Ю.
q Полное имя Устьянцева Ирина Юрьевна
700 Другие авторы __
a Другие авторы Ушакова Н. В.
q Полное имя Ушакова Наталья Валерьевна
700 Другие авторы __
a Другие авторы Фадеев А. С.
q Полное имя Фадеев Александр Сергеевич
700 Другие авторы __
a Другие авторы Федотова Н. Г.
q Полное имя Федотова Наталья Геннадьевна
700 Другие авторы __
a Другие авторы Филатов В. В.
q Полное имя Филатов Виталий Вячеславович
700 Другие авторы __
a Другие авторы Хоружая С. В.
q Полное имя Хоружая Светлана Владимировна
700 Другие авторы __
a Другие авторы Христолюбова И. П.
q Полное имя Христолюбова Ирина Петровна
700 Другие авторы __
a Другие авторы Худякова А. В.
q Полное имя Худякова Анна Владимировна
700 Другие авторы __
a Другие авторы Худякова М. Ю.
q Полное имя Худякова Марина Юрьевна
700 Другие авторы __
a Другие авторы Чемоданова Т. В.
q Полное имя Чемоданова Татьяна Вячеславовна
700 Другие авторы __
a Другие авторы Чернов С. С.
q Полное имя Чернов Сергей Сергеевич
700 Другие авторы __
a Другие авторы Чернышев И. В.
q Полное имя Чернышев Иван Викторович
700 Другие авторы __
a Другие авторы Шалбуев Д. В.
q Полное имя Шалбуев Дмитрий Валерьевич
700 Другие авторы __
a Другие авторы Шлапакова С. Н.
q Полное имя Шлапакова Светлана Николаевна
700 Другие авторы __
a Другие авторы Шутенко В. В.
q Полное имя Шутенко Владимир Викторович
700 Другие авторы __
a Другие авторы Ямалиева А. М.
q Полное имя Ямалиева Асия Манцуровна
856 Электронный адрес документа 40
n Местонахождение сервера Юрайт
g Электронная книга
q Тип электронного формата html
h Имя пользователя ЮРАЙТ
v Часы доступа к ресурсу 20271231
2 Способ доступа Показать документ
x Служебное примечание https://urait.ru/book/cover/EBB6E1DD-72A9-4755-BD98-8815ADEAF40D
u URL https://urait.ru/bcode/589869
856 Электронный адрес документа 48
q Тип электронного формата cover
u URL https://urait.ru/book/cover/EBB6E1DD-72A9-4755-BD98-8815ADEAF40D
911 __
u 0030=https://urait.ru/bcode/589869
911 __
u 073a=9785534204889
u 073d=1079.00
911 __
u 106a=s
911 __
u 900l=
952 Тип литературы __
i Дисциплина Цифровая педагогика